Instituto de Electricidad y Mecánica Aplicadas / director: D. E. Terradas D. E. Terradas
Descripción Física:
87 f., [8] f. de làm. ; 24 cm
MARC
| LEADER | 00000nam a2200000Ia 4500 | ||
|---|---|---|---|
| 001 | 10350 | ||
| 008 | 160829s1920 xx 000 0 cat d | ||
| 952 | |0 0 |1 0 |4 0 |6 C1193 |7 1 |9 47572 |a Arxiu |b Arxiu |d 2016-12-01 |l 0 |o C-1-193 |p 10350 |r 2016-12-01 00:00:00 |w 2016-12-01 |y ARXIU | ||
| 999 | |c 51371 |d 51371 | ||
| 080 | |a C-1-193 | ||
| 245 | |a Instituto de Electricidad y Mecánica Aplicadas / director: |b D. E. Terradas | ||
| 260 | |a Barcelona : |b (La Neotipia), |c 1920 | ||
| 300 | |a 87 f., [8] f. de làm. ; |c 24 cm | ||
| 590 | |a A la part superior de la portada, Escuela Industrial de Barcelona. | ||
| 650 | 0 | |a Instituto de Electricidad y Mecánica Aplicadas |9 30372 | |
| 650 | 0 | |a Instituto de Electricidad y Mecánica Aplicadas |9 30372 | |
| 700 | |a Terradas, D. E., dir. |9 36926 | ||
| 700 | |a Escola Industrial de Barcelona | ||
| 901 | |a Arxiu | ||
| 942 | |n 1 |2 udc | ||